00681nam a22001937a 450000500170000001000150001702000260003203500140005803700130007208200130008510000190009824500780011726000410019527000360023630000320027250000510030450501110035570000210046620181203122948.0 aENG-121426 a9789325990210c430.00 aEN-104958 bDBAD/PUB a621.3192 aSalivahanan,S. aNetwork analysis and synthesis /cby S. Salivahanan [and] S. Pravin Kumar aNoida bVikas Publishing Housec2016 aE-28, Sector-8, bNoidae201301 axi,731p. :c24cm(pbk)bill. aIncludes bibliographical references and index  afor fourth semester of electrical engineering and allied couress of APJ Abdul Kalam technical University. aPravin Kumar,S.